[Event "34th Chess Olympiad (men)"]
[Site "Istanbul"]
[Date "2000.11.04"]
[Round "7.49.3"]
[White "Montalvo, Alejandro"]
[Black "Lebel, Patrick"]
[WhiteElo "2222"]
[BlackElo "2172"]
[WhiteCountry "PUR"]
[BlackCountry "MNC"]
[Result "1-0"]

1. d4 e6 2. c4 f5 3. g3 Nf6 4. Bg2 d5 5. Nh3 c6 6. O-O Bd6 7. b3 O-O 
8. Ba3 Bxa3 9. Nxa3 Qe7 10. Qc1 b6 11. Nf4 Bb7 12. Qb2 Nbd7 13. Rac1 Rac8 
14. b4 Ne4 15. f3 Nef6 16. Nd3 Rfd8 17. Rfe1 Ba6 18. Qb3 Kh8 19. b5 dxc4 
20. Rxc4 cxb5 21. Rxc8 Rxc8 22. Nxb5 Bxb5 23. Qxb5 Qd6 24. Qb4 Qxb4 
25. Nxb4 Rc4 26. Nd3 Rxd4 27. Rc1 h6 28. Rc7 a5 29. Bh3 Rd6 30. Kf2 Nd5 
31. Rb7 Kh7 32. e4 fxe4 33. fxe4 N5f6 34. e5 Rxd3 35. exf6 Nxf6 36. Bxe6 Rd6 
37. Bf5+ Kg8 38. Kf3 Nd5 39. Ke4 Nf6+ 40. Ke5 Rd2 
1-0

[Event "34th Chess Olympiad (men)"]
[Site "Istanbul"]
[Date "2000.11.04"]
[Round "7.49.4"]
[White "Martinelli, Patrice"]
[Black "Ovalle, Ramon"]
[WhiteElo "2027"]
[BlackElo "2151"]
[WhiteCountry "MNC"]
[BlackCountry "PUR"]
[Result "0-1"]

1. d4 Nf6 2. Nc3 d5 3. e4 dxe4 4. f3 exf3 5. Nxf3 Bg4 6. h3 Bh5 7. g4 Bg6 
8. Ne5 Nd5 9. Bc4 e6 10. Nxg6 hxg6 11. g5 Nxc3 12. bxc3 Bd6 13. Qf3 c6 
14. Rf1 Qe7 15. Be3 Nd7 16. O-O-O Nb6 17. Bb3 Nd5 18. Bd2 b5 19. Rf2 Ba3+ 
20. Kb1 a5 21. Bxd5 cxd5 22. Rdf1 Rf8 23. Ka1 Qc7 24. Bf4 Qc4 25. Qd3 Qxd3 
26. cxd3 f6 27. gxf6 gxf6 28. Rb1 b4 29. Bd6 Rf7 30. cxb4 Rc8 31. Bc5 axb4 
32. Bxb4 Bxb4 33. Rxb4 Kf8 34. Rb6 Re8 35. Kb2 Kg7 36. Re2 Rfe7 37. Kb3 e5 
38. dxe5 Rxe5 39. Rf2 f5 40. Rg2 R5e6 41. Rb5 Rd8 42. Kc3 d4+ 43. Kd2 Kf6 
44. Rb4 Rdd6 45. a4 Rb6 46. Rxb6 Rxb6 47. Ke1 Rb1+ 48. Kf2 Ra1 49. Kf3 Rxa4 
50. Rc2 Kg5 51. h4+ Kxh4 52. Kf4 g5+ 53. Kxf5 g4 54. Kf4 Kh3 55. Rc6 Ra3 
56. Rh6+ Kg2 57. Ke4 g3 58. Kxd4 Ra8 59. Rg6 Re8 60. Kc5 Re3 61. d4 Kf2 
62. d5 g2 63. d6 Rg3 64. Rxg3 Kxg3 65. d7 g1=Q+ 66. Kd6 Qd4+ 67. Kc7 Qc5+ 
68. Kb7 Qd6 69. Kc8 Qc6+ 70. Kd8 Kf4 71. Ke8 Kf5 72. Kd8 Ke5 
0-1

[Event "34th Chess Olympiad (men)"]
[Site "Istanbul"]
[Date "2000.11.04"]
[Round "7.50.1"]
[White "Guillen, Ramirez Jose Antonio"]
[Black "Gwaze, Robert"]
[WhiteElo "2281"]
[BlackElo "2256"]
[WhiteCountry "HON"]
[BlackCountry "ZIM"]
[Result "0-1"]

1. e4 c5 2. Nf3 e6 3. d4 cxd4 4. Nxd4 a6 5. Bd3 Qc7 6. O-O Nf6 7. c4 d6 
8. Nc3 Be7 9. Be3 Nbd7 10. f4 b6 11. Qe2 Bb7 12. f5 e5 13. Nb3 O-O 14. g4 h6 
15. h4 Nh7 16. Qh2 Qd8 17. Bf2 Ndf6 18. Qh3 b5 19. Nd2 Rc8 20. cxb5 axb5 
21. Nxb5 d5 22. Nc3 Rxc3 23. bxc3 dxe4 24. Nxe4 Bxe4 25. Rfd1 Qc7 26. Bxe4 Nxe4 
27. Be1 Bc5+ 28. Kg2 Nef6 29. Bd2 Qc6+ 30. Kh2 Qe4 31. Rg1 Bxg1+ 32. Rxg1 Rd8 
33. Rg2 Nxg4+ 
0-1

[Event "34th Chess Olympiad (men)"]
[Site "Istanbul"]
[Date "2000.11.04"]
[Round "7.50.2"]
[White "Mamombe, Kudzanai"]
[Black "Medina Colindres, Javier"]
[WhiteElo "2147"]
[BlackElo "2000"]
[WhiteCountry "ZIM"]
[BlackCountry "HON"]
[Result "0-1"]

1. e4 Nc6 2. d4 d6 3. Nf3 Nf6 4. Nc3 Bg4 5. Be3 e6 6. h3 Bh5 7. g4 Bg6 
8. Bd3 d5 9. e5 Ne4 10. Ne2 h5 11. g5 h4 12. Nf4 Bf5 13. Ng2 Be7 14. Ngxh4 Bh7 
15. Rg1 Qd7 16. c3 O-O-O 17. Qc2 Rdf8 18. O-O-O Na5 19. Rg4 Qc6 20. Rdg1 Nc4 
21. Bxc4 Qxc4 22. Qb3 Qd3 23. Ne1 Qe2 24. R4g2 c5 25. Qd1 Qc4 26. Qb3 Qe2 
27. Qd1 Qa6 28. f3 Nxc3 29. bxc3 Qa3+ 30. Kd2 Qxa2+ 31. Nc2 Bxc2 32. Qxc2 Qxc2+ 
33. Kxc2 Rxh4 34. Rh1 Rfh8 35. Rgh2 cxd4 36. cxd4 b5 37. Kd3 Kb7 38. Ke2 a5 
39. Bf2 R4h5 40. f4 Rc8 41. Kd3 b4 42. Be1 Kb6 43. h4 a4 44. Rb2 b3 45. Bd2 Kb5 
46. Bc3 Bb4 47. Bxb4 Kxb4 48. Kd2 a3 49. Rbb1 b2 50. Rh3 Rc4 
0-1

[Event "34th Chess Olympiad (men)"]
[Site "Istanbul"]
[Date "2000.11.04"]
[Round "7.50.3"]
[White "Hernandez Lagos, Hector"]
[Black "Cochrane, John Miles"]
[WhiteElo "2000"]
[BlackElo "2223"]
[WhiteCountry "HON"]
[BlackCountry "ZIM"]
[Result "1/2-1/2"]

1. c4 Nf6 2. Nc3 e6 3. g3 c5 4. Nf3 Nc6 5. Bg2 Be7 6. O-O O-O 7. e3 a6 
8. d4 cxd4 9. exd4 d5 10. cxd5 Nxd5 11. Re1 Nf6 12. b3 Nb4 13. Bb2 Nbd5 
14. Ne5 Nxc3 15. Bxc3 Nd5 16. Bb2 Bb4 17. Rf1 Bc3 18. Qc2 Bxb2 19. Qxb2 
1/2-1/2

[Event "34th Chess Olympiad (men)"]
[Site "Istanbul"]
[Date "2000.11.04"]
[Round "7.50.4"]
[White "Mangwengwende, John"]
[Black "Facusse-Handal, Davin"]
[WhiteElo "2170"]
[BlackElo "2000"]
[WhiteCountry "ZIM"]
[BlackCountry "HON"]
[Result "1-0"]

1. e4 e6 2. d4 d5 3. Nd2 c5 4. exd5 exd5 5. Ngf3 Nf6 6. Bb5+ Nc6 7. O-O Be7 
8. dxc5 O-O 9. Bxc6 bxc6 10. b4 a5 11. c3 Bg4 12. Qc2 Re8 13. Nd4 Qc7 
14. f3 Bh5 15. N2b3 Bg6 16. Qd2 a4 17. Na5 Bxc5 18. Kh1 Bd6 19. g4 Ra6 
20. Re1 Qd7 21. Rxe8+ Qxe8 22. Qe3 Qd7 23. Qe2 Rb6 24. Ba3 h6 25. Re1 Qc7 
26. Bc1 c5 27. Nb5 Rxb5 28. Qxb5 cxb4 29. Qc6 Qxa5 30. Qxd6 bxc3 31. a3 c2 
32. Qb4 Qa8 33. Kg2 Qc6 34. h4 h5 35. g5 Nd7 36. Re8+ Kh7 37. Qe7 Nc5 
38. Qf8 Qxe8 39. Qxe8 Nb3 40. Qe3 d4 41. Qe1 d3 42. Be3 Kg8 43. Qc3 Kh7 
44. Kg3 Kg8 45. Kf4 Kf8 46. Ke5 Kg8 47. f4 
1-0

[Event "34th Chess Olympiad (men)"]
[Site "Istanbul"]
[Date "2000.11.04"]
[Round "7.51.1"]
[White "Samuel Sousa, Carlos"]
[Black "Camilleri, Henry"]
[WhiteElo "2000"]
[BlackElo "2156"]
[WhiteCountry "ANG"]
[BlackCountry "MLT"]
[Result "1-0"]

1. e4 e6 2. d3 d5 3. Nd2 Nf6 4. Ngf3 b6 5. g3 dxe4 6. dxe4 Ba6 7. c4 Be7 
8. Qc2 O-O 9. Bg2 Nc6 10. a3 e5 11. O-O Bc8 12. b4 Bg4 13. Bb2 Nd7 14. b5 Na5 
15. Nxe5 Nxe5 16. Bxe5 Be2 17. Rfe1 Qd3 18. Qb2 Rad8 19. Bc3 Bc5 20. e5 Bd4 
21. Bxd4 Rxd4 22. Rxe2 Rfd8 23. Rae1 Nxc4 24. Nxc4 Qxc4 25. Rc2 Qe6 
26. Rxc7 Rd1 27. Rc1 R1d2 28. Qc3 h5 29. Qc6 Qa2 30. e6 fxe6 31. Qxe6+ Qxe6 
32. Rxe6 Ra2 33. Re3 Rdd2 34. Bf3 Kh7 35. Be4+ Kh6 36. Rc6+ Kg5 37. Rg6# 
1-0

[Event "34th Chess Olympiad (men)"]
[Site "Istanbul"]
[Date "2000.11.04"]
[Round "7.51.2"]
[White "Borg, Andrew"]
[Black "Santos Simao, Amorim"]
[WhiteElo "2132"]
[BlackElo "2000"]
[WhiteCountry "MLT"]
[BlackCountry "ANG"]
[Result "0-1"]

1. d4 Nf6 2. c4 g6 3. Nc3 Bg7 4. e4 d6 5. f4 O-O 6. Nf3 c5 7. d5 a6 8. a4 e6 
9. Be2 exd5 10. cxd5 Re8 11. Nd2 h5 12. h3 b6 13. O-O Ra7 14. Bf3 Rb7 
15. Qb3 b5 16. axb5 axb5 17. Qc2 Qb6 18. Kh1 Na6 19. Na2 c4 20. Rb1 Nd7 
21. b4 cxb3 22. Nxb3 Rc7 23. Qe2 Rc4 24. Be3 Qc7 25. Rfc1 Nf6 26. Nd2 Rxc1+ 
27. Rxc1 Qa5 28. Nf1 Bd7 29. Rb1 Nxe4 30. Bxe4 Rxe4 31. Nc1 Qc3 32. Nd3 Nc5 
33. Nxc5 dxc5 34. Qf3 Rc4 35. Nd2 Rb4 36. Rd1 Qc2 37. Rf1 Bd4 38. Re1 Qd3 
39. Ne4 Rb1 40. Rxb1 Qxb1+ 41. Kh2 Qd3 42. Bxd4 Qxd4 43. g4 h4 44. Kg2 Kf8 
45. Nf2 Bc8 46. d6 Qxd6 47. Qa8 Qc7 48. Kg1 c4 49. Qa3+ Kg8 50. Qe3 Qc6 
51. g5 Bf5 52. Qd4 c3 53. Qd8+ Kh7 54. Qf8 Qc7 55. Qa3 c2 56. Qc1 Qc3 
0-1

[Event "34th Chess Olympiad (men)"]
[Site "Istanbul"]
[Date "2000.11.04"]
[Round "7.51.3"]
[White "Assis Pedro, Aderito"]
[Black "Cilia, Vincenti V"]
[WhiteElo "2000"]
[BlackElo "2215"]
[WhiteCountry "ANG"]
[BlackCountry "MLT"]
[Result "1-0"]

1. Nf3 Nf6 2. d4 d5 3. c4 e6 4. Nc3 Nbd7 5. Bf4 a6 6. e3 Be7 7. h3 O-O 
8. Bd3 dxc4 9. Bxc4 c5 10. O-O b5 11. Bb3 Bb7 12. Qe2 Qb6 13. Rfd1 Rfd8 
14. Bc2 Rac8 15. Bg5 Qa7 16. e4 b4 17. Na4 cxd4 18. Rd2 d3 19. Rxd3 h6 
20. Rd4 Nf8 21. Bh4 Qxd4 22. Ne5 Rc4 23. Nxc4 Qa7 24. Na5 e5 25. Bg3 N6d7 
26. Bb3 Ng6 27. Qc4 Nf6 28. Qxf7+ Kh7 29. Nxb7 Qxb7 30. Nc5 Qb5 31. Ne6 Rg8 
32. Rc1 Qe8 33. Qxe8 Rxe8 34. f3 Nh5 35. Be1 Nhf4 36. Nxf4 Nxf4 37. Kf1 Nd3 
38. Rc2 Nxe1 39. Kxe1 Rd8 40. Bd5 Rd6 41. Rc7 Bd8 42. Rb7 Kg6 43. Ke2 a5 
44. b3 Rb6 45. Ra7 Rb5 46. g3 Rc5 47. Bc4 Bc7 48. Ra6+ Kh7 49. h4 g5 50. h5 Kg7 
51. Kf2 Bd8 52. Kg2 g4 53. Rg6+ Kh7 54. Rxg4 Rc6 55. f4 exf4 56. gxf4 Rd6 
57. Bd5 Rd7 58. Rg6 Rc7 59. Bg8+ Kh8 60. Bc4 Rg7 61. e5 Rh7 62. Bd3 
1-0

[Event "34th Chess Olympiad (men)"]
[Site "Istanbul"]
[Date "2000.11.04"]
[Round "7.51.4"]
[White "Vella, Duncan"]
[Black "Domingos, Manuel"]
[WhiteElo "2000"]
[BlackElo "2000"]
[WhiteCountry "MLT"]
[BlackCountry "ANG"]
[Result "1/2-1/2"]

1. e4 e5 2. Nf3 Nc6 3. Bb5 Nf6 4. O-O d6 5. d4 Bd7 6. Nc3 Be7 7. Re1 exd4 
8. Nxd4 O-O 9. Bxc6 bxc6 10. Qd3 c5 11. Nf3 Re8 12. b3 Bf8 13. Bb2 Bc6 
14. Nd5 Nxd5 15. exd5 Bd7 16. Rxe8 Bxe8 17. Re1 Bd7 18. c4 
1/2-1/2

[Event "34th Chess Olympiad (men)"]
[Site "Istanbul"]
[Date "2000.11.04"]
[Round "7.52.1"]
[White "Hawes, Jonathan"]
[Black "Ramsingh, Yogendranath"]
[WhiteElo "2113"]
[BlackElo "2246"]
[WhiteCountry "JCI"]
[BlackCountry "TRI"]
[Result "0-1"]

1. e4 c5 2. Nc3 e6 3. f4 d5 4. Nf3 dxe4 5. Nxe4 Be7 6. g3 Nc6 7. Bg2 Nf6 
8. Qe2 O-O 9. d3 Qa5+ 10. c3 Nd4 11. Nxd4 cxd4 12. Bd2 dxc3 13. bxc3 Rd8 
14. Nxf6+ Bxf6 15. d4 Rb8 16. O-O b6 17. Rfc1 Ba6 18. Qf2 Bc4 19. Be3 Rbc8 
20. Qb2 Be7 21. a4 h5 22. Kf2 Qf5 23. Ke1 h4 24. Qf2 Rd7 25. Bf1 Rdc7 
26. Bg2 Bd5 27. Bd2 Qd3 28. Bxd5 exd5 29. Qe2 Qg6 30. Kf2 Bd6 31. Qf3 Re7 
32. f5 Qh7 33. Kg2 Rce8 34. Re1 h3+ 35. Kg1 Re4 36. Re3 g6 37. f6 Qh5 
38. Qxh5 gxh5 39. Rxe4 Rxe4 40. Kf2 Re6 41. Bg5 Kh7 42. Rb1 Kg6 43. Bh4 a6 
44. Kf3 Bc7 45. g4 Rc6 46. Rb3 Bxh2 47. g5 Kf5 48. Ra3 Re6 49. Ra1 Bf4 
50. g6 Re3+ 51. Kf2 Kxg6 
0-1

[Event "34th Chess Olympiad (men)"]
[Site "Istanbul"]
[Date "2000.11.04"]
[Round "7.52.2"]
[White "Merrit, Mario"]
[Black "Khan, Mohammed"]
[WhiteElo "2159"]
[BlackElo "2197"]
[WhiteCountry "TRI"]
[BlackCountry "JCI"]
[Result "1-0"]

1. c4 Nf6 2. Nc3 g6 3. e4 d6 4. d4 Bg7 5. Be2 O-O 6. Bg5 h6 7. Be3 e5 
8. d5 Nbd7 9. Qd2 Kh7 10. h4 Nc5 11. f3 Nh5 12. g4 Ng3 13. Rh3 Nxe2 14. Qxe2 a6 
15. h5 g5 16. b4 Nd7 17. Qb2 c6 18. Nge2 Qc7 19. Rc1 b6 20. dxc6 Qxc6 
21. Nd5 Re8 22. Rh1 a5 23. a3 axb4 24. axb4 Ra7 25. Kf2 Bb7 26. b5 Qc8 
27. Nxb6 Nxb6 28. Bxb6 Ra8 29. Qb3 Qe6 30. Nc3 d5 31. c5 Rab8 32. exd5 Qf6 
33. Ne4 Qf4 34. c6 Bxc6 35. Rxc6 Rxb6 36. Rxb6 f5 37. gxf5 Qxf5 38. Qd3 Rf8 
39. Rg1 Kh8 40. Rg6 Qh3 41. Ng3 Qd7 42. Kg2 Rf4 43. Ra1 Qc8 44. Rxg7 e4 
45. Nxe4 Rh4 46. Nxg5 
1-0

[Event "34th Chess Olympiad (men)"]
[Site "Istanbul"]
[Date "2000.11.04"]
[Round "7.52.3"]
[White "Boxal, Graham"]
[Black "Harper, Ryan"]
[WhiteElo "2000"]
[BlackElo "2122"]
[WhiteCountry "JCI"]
[BlackCountry "TRI"]
[Result "0-1"]

1. d4 Nf6 2. Bg5 Ne4 3. h4 h6 4. Bf4 c5 5. d5 Qb6 6. Qc1 g5 7. hxg5 Bg7 
8. c3 hxg5 9. Rxh8+ Bxh8 10. Bxg5 Bg7 11. Nf3 Nxg5 12. Nxg5 Bh6 13. f4 Qd6 
14. Qd2 Bxg5 15. fxg5 Qg3+ 16. Kd1 Qf2 17. Qe1 Qf4 18. Nd2 Qxg5 19. e4 d6 
20. Kc2 Nd7 21. Bb5 Qxg2 22. Qe3 Kd8 23. Rg1 Qh2 24. Rg8+ Kc7 25. Qg5 Qe5 
26. Qh4 Qf6 27. Qxf6 Nxf6 28. Rf8 a6 29. Bf1 b5 30. Rxf7 Kd8 31. Rf8+ Kc7 
32. Bg2 Kb6 33. Bh3 Bb7 34. Rf7 Rh8 35. Bf5 Re8 36. Nf3 Nxd5 37. Kd3 c4+ 
38. Ke2 Nf6 39. Ke3 e6 40. Bg6 Ng4+ 41. Kf4 Rg8 42. Bh5 e5+ 
0-1

[Event "34th Chess Olympiad (men)"]
[Site "Istanbul"]
[Date "2000.11.04"]
[Round "7.52.4"]
[White "Duncan, Leonard"]
[Black "Hill, Christopher"]
[WhiteElo "2000"]
[BlackElo "2000"]
[WhiteCountry "TRI"]
[BlackCountry "JCI"]
[Result "1-0"]

1. Nf3 d5 2. g3 c6 3. Bg2 Bf5 4. O-O h6 5. d3 Nf6 6. Nbd2 e6 7. Re1 Be7 
8. e4 dxe4 9. dxe4 Nxe4 10. Nh4 Nxd2 11. Nxf5 exf5 12. Qe2 Kf8 13. Bxd2 Na6 
14. Rad1 Qe8 15. Bxc6 Qxc6 16. Qxe7+ Kg8 17. Bc3 Rf8 18. Rd6 Qc8 19. Rd7 Rh7 
20. Rxb7 Nb8 21. Bb4 Nc6 22. Qxf8+ Qxf8 23. Bxf8 
1-0

[Event "34th Chess Olympiad (men)"]
[Site "Istanbul"]
[Date "2000.11.04"]
[Round "7.53.1"]
[White "Molla, Mekitew"]
[Black "Corbin, Philip"]
[WhiteElo "2000"]
[BlackElo "2228"]
[WhiteCountry "ETH"]
[BlackCountry "BAR"]
[Result "0-1"]

1. d4 f5 2. c4 Nf6 3. Nf3 e6 4. e3 b6 5. g3 Bb7 6. Bg2 Bb4+ 7. Bd2 Bxd2+ 
8. Nbxd2 O-O 9. O-O d6 10. Qb3 Qe8 11. Rac1 Nbd7 12. Rfe1 Qh5 13. Qd1 Qh6 
14. Nh4 Ne4 15. Nhf3 Rf6 16. d5 Ndc5 17. Nb3 Nxb3 18. Qxb3 e5 19. Qd1 a5 
20. a4 Nc5 21. Rc3 Raf8 22. Nd2 Bc8 23. f4 Bd7 24. Rf1 Bxa4 25. b3 Be8 
26. e4 Bh5 27. Qb1 fxe4 28. Nxe4 Nxe4 29. Qxe4 exf4 30. gxf4 Rxf4 31. Qe6+ Qxe6 
32. dxe6 Rxf1+ 33. Bxf1 Bg4 34. Re3 Re8 35. Bg2 Bxe6 36. Bc6 Re7 37. h4 Kf8 
38. Kh2 Bg4 39. Rg3 Re2+ 40. Kg1 h5 41. Bb5 Re5 42. Bc6 Ke7 43. Rg2 Re3 
44. Ba4 Re1+ 45. Kh2 Re2 46. Rxe2+ Bxe2 47. Kg3 Bd1 48. Kf4 c6 49. Kg5 b5 
50. cxb5 cxb5 51. Bxb5 Bxb3 52. Kxh5 a4 53. Bd3 a3 54. Bb1 a2 55. Bxa2 Bxa2 
56. Kg6 Kf8 
0-1

[Event "34th Chess Olympiad (men)"]
[Site "Istanbul"]
[Date "2000.11.04"]
[Round "7.53.2"]
[White "Elson, Askari"]
[Black "Hailu, Wossenyelew"]
[WhiteElo "2000"]
[BlackElo "2000"]
[WhiteCountry "BAR"]
[BlackCountry "ETH"]
[Result "0-1"]

1. d4 Nf6 2. c4 g6 3. Nc3 Bg7 4. e4 d6 5. f3 O-O 6. Be3 e5 7. d5 Nh5 8. Qd2 f5 
9. O-O-O a5 10. Nge2 Na6 11. Kb1 f4 12. Bf2 b6 13. Nc1 Bf6 14. Qe1 Nc5 
15. b3 Bd7 16. Bd3 Na6 17. a3 Nc5 18. Bc2 Rf7 19. Nd3 Bg7 20. Kb2 Nf6 
21. b4 axb4 22. axb4 Na4+ 23. Bxa4 Bxa4 24. Nxa4 Rxa4 25. Ra1 Rxa1 26. Qxa1 Qc8 
27. Qa4 g5 28. Ra1 Rf8 29. h3 h5 30. c5 bxc5 31. bxc5 g4 32. hxg4 hxg4 
33. Rh1 g3 34. Be1 Qb7+ 35. Qb4 Qa7 36. Qa5 Qb7+ 37. Qb4 Qa7 38. Kc2 Rb8 
39. Qa5 Qb7 40. Qa2 Ra8 41. Qb2 Qa6 42. Bc3 Qc4 43. Ra1 Rxa1 44. Qxa1 Nxe4 
45. fxe4 Qxe4 46. Qg1 dxc5 47. Qxc5 Qxg2+ 48. Kb3 Qe4 49. Nb4 Qb1+ 50. Ka4 g2 
51. Qc4 Qf1 52. Nd3 Kh7 53. Qe4+ Kh6 54. Nxe5 Bxe5 55. Bxe5 Qa6+ 56. Kb4 Qb6+ 
57. Kc4 g1=Q 58. Bxf4+ Kh5 59. Qe5+ Kg4 60. Qg5+ Kf3 61. Qxg1 Qxg1 62. Be5 Ke4 
63. Bc3 Qg8 64. Kb3 Qxd5+ 65. Kc2 c5 66. Bh8 Qd3+ 67. Kb2 c4 68. Bc3 Qe2+ 
69. Kb1 Kd3 70. Bb2 Qxb2+ 71. Kxb2 Kd2 
0-1

[Event "34th Chess Olympiad (men)"]
[Site "Istanbul"]
[Date "2000.11.04"]
[Round "7.53.3"]
[White "Alemu, Fikreselassie"]
[Black "Forde, Michael"]
[WhiteElo "2000"]
[BlackElo "2000"]
[WhiteCountry "ETH"]
[BlackCountry "BAR"]
[Result "0-1"]

1. e4 c5 2. Nf3 d6 3. d4 cxd4 4. Nxd4 Nf6 5. Nc3 a6 6. Be2 e6 7. O-O Be7 
8. Kh1 Qc7 9. f4 Nc6 10. Be3 Bd7 11. a4 Rc8 12. Nb3 Na5 13. Nxa5 Qxa5 
14. Bf3 Bc6 15. Qe2 d5 16. Bd2 dxe4 17. Nxe4 Qc7 18. c3 O-O 19. Ng3 Bd6 
20. Bxc6 Qxc6 21. Rf3 Rfe8 22. a5 Rcd8 23. Be3 Nd5 24. Bd2 g6 25. Ne4 Be7 
26. Rg3 Nf6 27. Nf2 Qd5 28. Be3 Ne4 29. Rh3 Nxf2+ 30. Qxf2 Bf6 31. Bb6 Rd7 
32. Re1 Rc8 33. Rf3 Kg7 34. Rf1 Bd8 35. Bd4+ Bf6 36. Bb6 Bd8 37. Bd4+ Bf6 
38. Rd3 Bxd4 39. Rxd4 Qc6 40. Rfd1 Rcd8 41. Qe3 Rxd4 42. Rxd4 Rd5 43. Rxd5 Qxd5 
44. Qe5+ Qxe5 45. fxe5 Kh6 46. Kg1 Kg5 47. Kf2 Kf4 48. Ke2 Kxe5 49. Kd3 Kd5 
50. b4 f5 51. h4 e5 52. c4+ Kd6 53. g3 Kc6 54. Ke3 e4 55. Kd4 Kd6 56. Kc3 Ke5 
57. b5 Kd6 58. Kd4 h6 59. c5+ Kc7 60. c6 axb5 
0-1

[Event "34th Chess Olympiad (men)"]
[Site "Istanbul"]
[Date "2000.11.04"]
[Round "7.53.4"]
[White "Taitt, Junior"]
[Black "Wondimu, Dawit"]
[WhiteElo "2000"]
[BlackElo "2000"]
[WhiteCountry "BAR"]
[BlackCountry "ETH"]
[Result "0-1"]

1. d4 d5 2. c4 e6 3. Nc3 Nf6 4. Bg5 Nbd7 5. e3 c6 6. cxd5 exd5 7. Nf3 Bd6 
8. Bd3 h6 9. Bh4 O-O 10. Qc2 Qa5 11. O-O Re8 12. a3 Qd8 13. b4 a6 14. Rab1 Be7 
15. Bxf6 Bxf6 16. a4 Nf8 17. b5 Bg4 18. bxc6 bxc6 19. Nd2 Be7 20. Ne2 Qd7 
21. Rb6 Rec8 22. Nb3 a5 23. Nc5 Qd8 24. Rfb1 Nd7 25. Rb7 Bxc5 26. dxc5 Rc7 
27. Nd4 Qc8 28. R7b2 Qf8 29. Rc1 Ne5 30. h3 Bd7 31. f4 Nxd3 32. Qxd3 Qe7 
33. Nf3 g6 34. Qd4 Bf5 35. Rb6 f6 36. Rc3 Kf7 37. Kf2 Raa7 38. Rcb3 Rab7 
39. Qc3 Ra7 40. Nd4 Bd7 41. Rb8 Bc8 42. R8b6 Bd7 43. Rb2 Qe4 44. Nb3 Qxa4 
45. Nd4 Qc4 46. Qa3 Qc1 47. Nxc6 Ra8 48. Rb8 Rxb8 49. Nxb8 Rb7 50. Rxb7 Qxa3 
51. c6 Qc5 52. cxd7 Ke7 53. Ra7 a4 54. Kf3 Qb6 55. Ra8 Qb7 56. d8=Q+ Kxd8 
57. Nc6+ Kc7 58. Ra7 Kxc6 59. Rxb7 Kxb7 60. e4 dxe4+ 61. Kxe4 a3 62. g4 a2 
63. Kd4 
0-1

[Event "34th Chess Olympiad (men)"]
[Site "Istanbul"]
[Date "2000.11.04"]
[Round "7.54.1"]
[White "Frick, Renato"]
[Black "Wijesurija, G Laxman"]
[WhiteElo "2156"]
[BlackElo "2160"]
[WhiteCountry "LIE"]
[BlackCountry "SRI"]
[Result "1-0"]

1. e4 e6 2. d4 b6 3. Bd3 Bb7 4. Nf3 c5 5. c3 Nf6 6. Qe2 cxd4 7. cxd4 Nc6 
8. Nc3 Nb4 9. Bb1 Ba6 10. Qd1 Bb7 11. a3 Na6 12. O-O Be7 13. Re1 Nc7 
14. e5 Nfd5 15. Ne4 h6 16. h3 Kf8 17. Bd3 Ne8 18. Qe2 g5 19. g3 Kg7 20. Bd2 f5 
21. exf6+ Bxf6 22. Ne5 d6 23. Ng6 Rg8 24. Qh5 Bxd4 25. Bxg5 hxg5 26. Nxg5 Nef6 
27. Nxe6+ 
1-0

[Event "34th Chess Olympiad (men)"]
[Site "Istanbul"]
[Date "2000.11.04"]
[Round "7.54.2"]
[White "De Silva, Nuwan"]
[Black "Guller, Andras"]
[WhiteElo "2000"]
[BlackElo "2141"]
[WhiteCountry "SRI"]
[BlackCountry "LIE"]
[Result "1/2-1/2"]

1. d4 Nf6 2. c4 e6 3. Nc3 d5 4. Bg5 Nbd7 5. e3 c6 6. cxd5 exd5 7. Bd3 Be7 
8. Qc2 O-O 9. Nf3 Re8 10. O-O Nf8 11. Rab1 a5 12. a3 Ng6 13. Nd2 Nh5 
14. Bxe7 Qxe7 15. Ne2 Bg4 16. Ng3 Nxg3 17. hxg3 a4 
1/2-1/2

[Event "34th Chess Olympiad (men)"]
[Site "Istanbul"]
[Date "2000.11.04"]
[Round "7.54.3"]
[White "Elkuch, Harald"]
[Black "Fonseka, C.k.d"]
[WhiteElo "2126"]
[BlackElo "2000"]
[WhiteCountry "LIE"]
[BlackCountry "SRI"]
[Result "0-1"]

1. e4 Nf6 2. Nc3 d5 3. exd5 Nxd5 4. Ne4 e5 5. d3 Nc6 6. Nf3 Be7 7. Be2 f6 
8. a3 Be6 9. c4 Nb6 10. Be3 O-O 11. b4 Nd4 12. Bxd4 exd4 13. c5 Nc8 14. Qd2 f5 
15. Neg5 Bd5 16. O-O b6 17. Rac1 a5 18. Qf4 h6 19. Nh3 g5 20. Qg3 f4 
21. Qg4 axb4 22. axb4 Ra2 23. Bd1 bxc5 24. bxc5 Ra3 25. Nhxg5 hxg5 
26. Nxg5 Bxg5 27. h4 Rxd3 28. hxg5 Qe7 29. Bc2 Rd2 30. Bf5 f3 31. gxf3 Na7 
32. g6 Bxf3 33. Qh3 Qg5+ 34. Kh2 Qh5 35. Be6+ Kg7 36. Bf7 Qe5+ 37. Kg1 Qg5+ 
38. Qg3 Qxg3+ 39. fxg3 Rg2+ 
0-1

[Event "34th Chess Olympiad (men)"]
[Site "Istanbul"]
[Date "2000.11.04"]
[Round "7.54.4"]
[White "De Silva, Nirosh"]
[Black "Mannhart, Marcel"]
[WhiteElo "2162"]
[BlackElo "2061"]
[WhiteCountry "SRI"]
[BlackCountry "LIE"]
[Result "1/2-1/2"]

1. e4 g6 2. d4 Bg7 3. Be3 d6 4. Qd2 c6 5. Ne2 h5 6. h4 Nh6 7. f3 Qc7 
8. Nbc3 Nd7 9. O-O-O Nb6 10. Nf4 Bd7 11. Be2 O-O-O 12. d5 c5 13. Bb5 Kb8 
14. Bxd7 Qxd7 15. Kb1 Nc4 16. Qd3 Nxe3 17. Qxe3 Ka8 18. Qd3 Rb8 19. Qb5 Qc7 
20. Na4 a6 21. Qb6 Qxb6 22. Nxb6+ Ka7 23. Nc4 Rbc8 24. a4 b6 25. Rdg1 Bd4 
26. Rf1 Kb7 27. c3 Bf6 28. Rfg1 Ng8 29. Kc2 Kc7 30. Nd3 Re8 31. f4 Nh6 
32. Nf2 Rh7 33. Re1 Rhh8 34. Rh3 Ng4 35. Nd1 b5 36. axb5 axb5 37. Na5 e5 
38. g3 Ra8 39. Nc6 Ra1 40. Rhh1 Bg7 41. fxe5 Bxe5 42. Nxe5 Nxe5 43. Nf2 Rxe1 
44. Rxe1 Ra8 45. Nd3 Nxd3 46. Kxd3 Kd7 47. Ke3 f6 48. Kf4 Ra2 49. Re2 Ra1 
50. Kf3 Ke7 51. Rg2 Kf7 52. g4 hxg4+ 53. Kxg4 Rf1 54. Kg3 Kg7 55. Re2 Ra1 
56. Kg4 Rg1+ 57. Kh3 Rc1 58. Kg4 Rg1+ 59. Kh3 Rf1 60. Kg3 c4 61. Kg2 Rc1 
62. Kg3 Rd1 63. Kg4 Rf1 64. Kg3 Rg1+ 65. Kh3 Kf7 66. Kh2 Rd1 67. Kg3 Kg7 
68. Kg4 Rf1 69. Kg3 Kh6 70. Kg2 Rd1 71. Rf2 Kg7 72. Kf3 Re1 73. Kf4 Kf7 
74. Kf3 Kf8 75. Kg3 Ke7 76. Kf4 
1/2-1/2

[Event "34th Chess Olympiad (men)"]
[Site "Istanbul"]
[Date "2000.11.04"]
[Round "7.55.1"]
[White "Carrera, Alhan"]
[Black "Yung, Lau"]
[WhiteElo "2135"]
[BlackElo "2130"]
[WhiteCountry "PAN"]
[BlackCountry "HKG"]
[Result "1/2-1/2"]

1. d4 Nf6 2. c4 d6 3. g3 g6 4. Bg2 Bg7 5. Nc3 O-O 6. Nf3 c6 7. e4 Bg4 
8. O-O Nbd7 9. Re1 e5 10. d5 c5 11. a3 Ne8 12. h3 Bxf3 13. Bxf3 f5 14. Bg2 f4 
15. Qd3 Qf6 16. g4 Bh6 17. f3 Bg5 18. Bd2 Bh4 19. Reb1 h5 20. Kf1 Rf7 
21. Ke2 Nc7 22. Qc2 Bg3 23. Qb3 Rb8 24. a4 Rh7 25. Rh1 Qh4 26. Raf1 Qe7 
27. Ra1 Nf6 28. a5 g5 29. Nb5 Nxb5 30. cxb5 Kg7 31. Qc4 Rhh8 32. Bc3 Nd7 
33. b3 Rh6 34. Raf1 hxg4 35. hxg4 Rbh8 36. Rxh6 Rxh6 37. Rh1 Rxh1 38. Bxh1 Kf8 
39. Kd1 Qh7 40. Qf1 Qh4 41. Bg2 Bf2 42. Qh1 Qxh1+ 43. Bxh1 Bd4 44. Bd2 Ke7 
45. Bg2 Kd8 46. Bf1 Kc7 47. Kc2 Nf8 48. Be1 Ng6 49. Kd3 Kd7 50. Bg2 Bg1 51. Bh1 
1/2-1/2

[Event "34th Chess Olympiad (men)"]
[Site "Istanbul"]
[Date "2000.11.04"]
[Round "7.55.2"]
[White "Schepel, Kaarlo"]
[Black "Cedeno, Ahmed"]
[WhiteElo "2175"]
[BlackElo "2095"]
[WhiteCountry "HKG"]
[BlackCountry "PAN"]
[Result "0-1"]

1. e4 d6 2. d4 Nf6 3. Nc3 g6 4. Be2 Bg7 5. Be3 a6 6. Qd2 h5 7. O-O-O Ng4 
8. Bxg4 Bxg4 9. f3 Bd7 10. Nge2 c6 11. Kb1 b5 12. Rdf1 a5 13. f4 e6 14. h3 h4 
15. g4 hxg3 16. Nxg3 f5 17. Qg2 Qe7 18. exf5 gxf5 19. Nxb5 cxb5 20. Qxa8 Qd8 
21. d5 Kf7 22. dxe6+ Bxe6 23. Qb7+ Nd7 24. Ne2 Bc4 25. Rf2 Re8 26. Nd4 Rxe3 
27. Nxf5 Re6 28. Nxg7 Kxg7 29. f5 Re5 30. Rg1+ Kf8 31. b3 Bf7 32. f6 Nc5 
33. Qg2 Ne6 34. h4 a4 35. Rf3 a3 36. Qd2 Qb6 37. Rd1 d5 38. Rc3 Ke8 39. Qh2 Qd4 
40. Rc8+ Kd7 41. Kc1 Qe3+ 42. Qd2 Qxd2+ 43. Kxd2 Kxc8 
0-1

[Event "34th Chess Olympiad (men)"]
[Site "Istanbul"]
[Date "2000.11.04"]
[Round "7.55.3"]
[White "Gardellini, Arnulfo"]
[Black "Chau, Sau Ming"]
[WhiteElo "2000"]
[BlackElo "2000"]
[WhiteCountry "PAN"]
[BlackCountry "HKG"]
[Result "1-0"]

1. d4 Nf6 2. c4 e6 3. Nc3 c5 4. d5 exd5 5. cxd5 d6 6. e4 g6 7. f4 Bg7 
8. Be2 O-O 9. Nf3 Re8 10. Nd2 a6 11. a4 Nbd7 12. O-O b6 13. Ra2 Rb8 14. b3 Nf8 
15. Bb2 Bd7 16. Bxa6 Ng4 17. Qf3 Bd4+ 18. Kh1 Nxh2 19. Qg3 Nxf1 20. Bxf1 Qf6 
21. Nc4 b5 22. axb5 h5 23. Ra6 g5 24. Nxd6 h4 25. Nxe8 Qxa6 26. Qxg5+ Qg6 
27. Nd6 Qxg5 28. fxg5 Nh7 29. Na4 Bxb2 30. Nxb2 Nxg5 31. Na4 Kf8 32. Nxc5 Ke7 
33. e5 Rh8 34. b6 f6 35. Nc4 fxe5 36. d6+ 
1-0